[Event "68. Unterfränkische Einzelmeisterschaft 2017"]
[Site "Sailauf in Ufr."]
[Date "2017.04.20"]
[Round "5.6"]
[White "Basel, Matthias"]
[Black "Kuhn, Norbert"]
[Result "1/2-1/2"]
[BlackElo "2117"]
[WhiteElo "2090"]
[LiveChessVersion "1.4.8"]

1. d4 {[%clk 1:30:55]} d5 {[%clk 1:13:58]} 2. Nf3 {[%clk 1:31:11]} e6
{[%clk 1:14:13]} 3. c4 {[%clk 1:31:28]} Nf6 {[%clk 1:14:26]} 4. Nc3
{[%clk 1:30:46]} Nbd7 {[%clk 1:12:37]} 5. cxd5 {[%clk 1:27:57]} exd5
{[%clk 1:12:23]} 6. Bf4 {[%clk 1:27:35]} c6 {[%clk 1:12:41]} 7. e3
{[%clk 1:26:59]} Nh5 {[%clk 1:10:19]} 8. Bg3 {[%clk 1:20:37]} Nxg3
{[%clk 1:00:22]} 9. hxg3 {[%clk 1:21:01]} g6 {[%clk 1:00:34]} 10. Bd3
{[%clk 1:19:08]} Bg7 {[%clk 1:00:46]} 11. Qb3 {[%clk 1:11:50]} O-O
{[%clk 1:00:04]} 12. O-O-O {[%clk 1:09:31]} Re8 {[%clk 0:53:55]} 13. Rh4
{[%clk 1:05:54]} Nf8 {[%clk 0:53:25]} 14. Kb1 {[%clk 1:01:58]} b6
{[%clk 0:49:14]} 15. Rc1 {[%clk 0:57:50]} Bb7 {[%clk 0:45:31]} 16. Qa3
{[%clk 0:48:43]} Qe7 {[%clk 0:40:06]} 17. Qxe7 {[%clk 0:45:14]} Rxe7
{[%clk 0:39:31]} 1/2-1/2

[Event "68. Unterfränkische Einzelmeisterschaft 2017"]
[Site "Sailauf in Ufr."]
[Date "2017.04.20"]
[Round "5.7"]
[White "Krenz, Dieter"]
[Black "Hamlack, Heinz"]
[Result "0-1"]
[BlackElo "2003"]
[WhiteElo "1928"]
[LiveChessVersion "1.4.8"]

1. d4 {[%clk 1:30:55]} Nf6 {[%clk 1:30:55]} 2. Nf3 {[%clk 1:31:20]} d5
{[%clk 1:31:22]} 3. Bg5 {[%clk 1:31:43]} Nbd7 {[%clk 1:27:50]} 4. Nbd2
{[%clk 1:32:00]} h6 {[%clk 1:28:04]} 5. Bh4 {[%clk 1:32:17]} e6 {[%clk 1:28:22]}
6. e3 {[%clk 1:32:41]} Be7 {[%clk 1:28:25]} 7. Bd3 {[%clk 1:32:54]} b6
{[%clk 1:28:48]} 8. c3 {[%clk 1:32:59]} Bb7 {[%clk 1:29:14]} 9. O-O
{[%clk 1:33:05]} O-O {[%clk 1:29:34]} 10. Rc1 {[%clk 1:33:11]} c5
{[%clk 1:29:20]} 11. Bb1 {[%clk 1:33:34]} Rc8 {[%clk 1:28:58]} 12. a3
{[%clk 1:32:38]} Ne4 {[%clk 1:24:29]} 13. Bxe7 {[%clk 1:32:57]} Qxe7
{[%clk 1:24:54]} 14. Qe2 {[%clk 1:32:56]} Nxd2 {[%clk 1:22:39]} 15. Nxd2
{[%clk 1:32:29]} e5 {[%clk 1:22:50]} 16. f3 {[%clk 1:27:27]} exd4
{[%clk 1:13:55]} 17. Qd3 {[%clk 1:26:52]} Qxe3+ {[%clk 1:14:14]} 18. Qxe3
{[%clk 1:19:28]} dxe3 {[%clk 1:14:38]} 19. Nb3 {[%clk 1:19:10]} g6
{[%clk 1:08:17]} 20. Rfe1 {[%clk 1:18:13]} Rfe8 {[%clk 1:06:43]} 21. Rcd1
{[%clk 1:15:53]} Bc6 {[%clk 1:05:51]} 22. Nc1 {[%clk 1:15:40]} Re7
{[%clk 1:01:08]} 23. Ne2 {[%clk 1:14:18]} Nf6 {[%clk 1:00:47]} 24. Ba2
{[%clk 1:11:09]} Ba4 {[%clk 0:53:28]} 25. b3 {[%clk 1:09:57]} Bc6
{[%clk 0:53:51]} 26. Bb1 {[%clk 1:09:48]} Rd8 {[%clk 0:53:03]} 27. a4
{[%clk 1:02:58]} a5 {[%clk 0:47:24]} 28. Rd3 {[%clk 1:02:27]} Rde8
{[%clk 0:46:52]} 29. Bc2 {[%clk 0:58:22]} Bb7 {[%clk 0:43:42]} 30. Nf4
{[%clk 0:55:07]} g5 {[%clk 0:43:46]} 31. Ne2 {[%clk 0:54:57]} Ba6
{[%clk 0:38:07]} 32. Rdd1 Bxe2 {[%clk 0:38:07]} 33. Rxe2 Rd8 {[%clk 0:38:07]} 34.
Kf1 d4 {[%clk 0:38:07]} 35. cxd4 cxd4 {[%clk 0:38:07]} 36. Bf5 Re5
{[%clk 0:38:07]} 37. g4 Nh5 {[%clk 0:38:07]} 38. gxh5 Rxf5 {[%clk 0:38:07]} 39.
Rxe3 g4 {[%clk 0:38:07]} 40. Ke2 gxf3+ {[%clk 0:38:07]} 41. Rxf3 Rxf3
{[%clk 0:38:07]} 42. Kxf3 d3 {[%clk 0:38:07]} 43. Rd2 Rd5 {[%clk 0:38:07]} 44.
Kg4 f5+ {[%clk 0:38:07]} 45. Kf4 Kf7 {[%clk 0:38:07]} 46. Ke3 Kf6
{[%clk 0:38:07]} 47. h4 Ke5 {[%clk 0:38:07]} 48. Rxd3 Rxd3+ {[%clk 0:38:07]} 49.
Kxd3 Kf4 {[%clk 0:38:07]} 50. Ke2 Kg3 {[%clk 0:38:07]} 51. Ke3 f4+
{[%clk 0:38:07]} 52. Ke2 Kg2 {[%clk 0:38:07]} 0-1

[Event "68. Unterfränkische Einzelmeisterschaft 2017"]
[Site "Sailauf in Ufr."]
[Date "2017.04.20"]
[Round "5.8"]
[White "Blank, Stefan"]
[Black "Mueller, Lutz"]
[Result "0-1"]
[BlackElo "2043"]
[WhiteElo "1862"]
[LiveChessVersion "1.4.8"]

1. e4 {[%clk 1:19:47]} c5 {[%clk 1:30:49]} 2. Nf3 {[%clk 1:20:00]} d6
{[%clk 1:31:18]} 3. g3 {[%clk 1:19:56]} Nc6 {[%clk 1:31:41]} 4. Bg2
{[%clk 1:19:58]} Nf6 {[%clk 1:31:21]} 5. d3 {[%clk 1:20:22]} g6 {[%clk 1:31:34]}
6. O-O {[%clk 1:20:17]} Bg7 {[%clk 1:31:59]} 7. Nbd2 {[%clk 1:19:29]} O-O
{[%clk 1:31:33]} 8. c3 {[%clk 1:17:18]} e5 {[%clk 1:26:21]} 9. a4
{[%clk 1:12:31]} h6 {[%clk 1:24:58]} 10. Nc4 {[%clk 1:11:39]} Be6
{[%clk 1:24:04]} 11. Qe2 {[%clk 1:09:16]} b6 {[%clk 1:18:03]} 12. Nh4
{[%clk 1:05:11]} d5 {[%clk 1:13:04]} 13. Na3 {[%clk 1:01:04]} dxe4
{[%clk 1:12:01]} 14. dxe4 {[%clk 0:59:56]} Bb3 {[%clk 1:04:40]} 15. Nc2
{[%clk 0:44:48]} Na5 {[%clk 0:59:27]} 16. Ne3 {[%clk 0:36:32]} Qd7
{[%clk 0:49:09]} 17. Re1 {[%clk 0:34:07]} Bxa4 {[%clk 0:47:19]} 18. b4
{[%clk 0:25:02]} cxb4 {[%clk 0:44:08]} 19. cxb4 {[%clk 0:25:16]} Bb5
{[%clk 0:40:50]} 20. Qa2 {[%clk 0:24:57]} Nc6 {[%clk 0:39:13]} 21. Nxg6
{[%clk 0:24:02]} Rfe8 {[%clk 0:36:05]} 22. Ba3 {[%clk 0:20:02]} Kh7
{[%clk 0:33:38]} 23. Nh4 {[%clk 0:19:59]} Bf8 {[%clk 0:26:25]} 24. Rad1
{[%clk 0:17:44]} Qe6 {[%clk 0:22:28]} 25. Qxe6 {[%clk 0:17:18]} fxe6
{[%clk 0:22:51]} 26. Nc2 {[%clk 0:13:00]} Ba4 {[%clk 0:21:12]} 27. Rc1
{[%clk 0:12:00]} Rac8 {[%clk 0:19:59]} 28. Bh3 {[%clk 0:10:12]} Bxc2
{[%clk 0:16:22]} 29. Rxc2 {[%clk 0:10:19]} Nd4 {[%clk 0:16:40]} 30. Rxc8
{[%clk 0:09:51]} Rxc8 {[%clk 0:17:01]} 31. f4 {[%clk 0:07:19]} a5
{[%clk 0:13:59]} 32. fxe5 {[%clk 0:06:54]} axb4 {[%clk 0:10:38]} 33. Bb2
{[%clk 0:06:32]} Bc5 {[%clk 0:08:27]} 34. Kg2 {[%clk 0:04:00]} Nh5
{[%clk 0:06:32]} 35. Rf1 {[%clk 0:03:15]} Ng7 {[%clk 0:05:25]} 36. Rd1
{[%clk 0:02:19]} Nc2 {[%clk 0:04:36]} 37. Rd7 {[%clk 0:01:49]} Ne3+
{[%clk 0:04:17]} 38. Kf3 {[%clk 0:01:32]} Nc4 {[%clk 0:03:52]} 39. Bc1
{[%clk 0:01:20]} Nxe5+ {[%clk 0:03:48]} 0-1

[Event "68. Unterfränkische Einzelmeisterschaft 2017"]
[Site "Sailauf in Ufr."]
[Date "2017.04.20"]
[Round "6.1"]
[White "Kuhn, Tobias"]
[Black "Braeutigam, Thomas"]
[Result "1/2-1/2"]
[BlackElo "2069"]
[WhiteElo "2207"]
[LiveChessVersion "1.4.8"]

1. e4 {[%clk 1:30:56]} c6 {[%clk 1:30:34]} 2. Nc3 {[%clk 1:30:35]} d5
{[%clk 1:30:46]} 3. Nf3 {[%clk 1:30:17]} Bg4 {[%clk 1:25:27]} 4. h3
{[%clk 1:28:06]} Bxf3 {[%clk 1:21:40]} 5. Qxf3 {[%clk 1:27:58]} dxe4
{[%clk 1:21:09]} 6. Nxe4 {[%clk 1:27:56]} Nd7 {[%clk 1:21:19]} 7. g3
{[%clk 1:14:03]} Ngf6 {[%clk 1:20:41]} 8. Bg2 {[%clk 1:14:02]} Nxe4
{[%clk 1:18:53]} 9. Qxe4 {[%clk 1:14:19]} Nf6 {[%clk 1:19:13]} 10. Qc4
{[%clk 1:11:31]} e6 {[%clk 1:17:11]} 11. d3 {[%clk 1:04:50]} Be7 {[%clk 1:13:27]}
12. O-O {[%clk 1:00:56]} O-O {[%clk 1:12:48]} 13. Bd2 {[%clk 0:59:08]} Qb6
{[%clk 1:08:49]} 14. a4 {[%clk 0:58:09]} a5 {[%clk 0:58:02]} 15. Be3
{[%clk 0:43:13]} Qb4 {[%clk 0:56:53]} 16. Qxb4 {[%clk 0:43:37]} Bxb4
{[%clk 0:57:16]} 17. c3 {[%clk 0:43:51]} Be7 {[%clk 0:57:08]} 18. Rfd1
{[%clk 0:43:26]} Nd5 {[%clk 0:53:19]} 19. Kf1 {[%clk 0:37:36]} Rfd8
{[%clk 0:49:44]} 20. Ke2 {[%clk 0:37:57]} Rd7 {[%clk 0:48:29]} 21. h4
{[%clk 0:30:11]} 1/2-1/2

[Event "68. Unterfränkische Einzelmeisterschaft 2017"]
[Site "Sailauf in Ufr."]
[Date "2017.04.20"]
[Round "6.2"]
[White "Amtmann, Florian"]
[Black "Schricker, Jochen"]
[Result "1-0"]
[BlackElo "2014"]
[WhiteElo "2047"]
[LiveChessVersion "1.4.8"]

1. e4 {[%clk 1:28:42]} d5 {[%clk 1:30:58]} 2. exd5 {[%clk 1:27:38]} Nf6
{[%clk 1:31:27]} 3. Nf3 {[%clk 1:27:43]} Nxd5 {[%clk 1:31:52]} 4. d4
{[%clk 1:28:01]} g6 {[%clk 1:32:13]} 5. c4 {[%clk 1:28:14]} Nb6 {[%clk 1:32:37]}
6. Nc3 {[%clk 1:28:38]} Bg7 {[%clk 1:33:01]} 7. c5 {[%clk 1:29:02]} Nd5
{[%clk 1:31:41]} 8. Bc4 {[%clk 1:29:15]} Nxc3 {[%clk 1:31:29]} 9. bxc3
{[%clk 1:29:22]} O-O {[%clk 1:31:21]} 10. O-O {[%clk 1:29:12]} c6
{[%clk 1:26:22]} 11. Bg5 {[%clk 1:25:18]} h6 {[%clk 1:22:48]} 12. Bh4
{[%clk 1:25:34]} g5 {[%clk 1:18:49]} 13. Bg3 {[%clk 1:24:29]} Bg4
{[%clk 1:19:08]} 14. Re1 {[%clk 1:19:52]} Nd7 {[%clk 1:15:33]} 15. Rb1
{[%clk 1:17:52]} b6 {[%clk 1:11:54]} 16. cxb6 {[%clk 1:17:28]} axb6
{[%clk 1:09:00]} 17. h3 {[%clk 1:12:46]} Bh5 {[%clk 1:06:49]} 18. Qe2
{[%clk 1:11:38]} Bf6 {[%clk 1:03:29]} 19. Rbd1 {[%clk 1:10:51]} b5
{[%clk 1:01:15]} 20. Bb3 {[%clk 1:10:06]} e6 {[%clk 1:00:05]} 21. Bd6
{[%clk 1:07:24]} Re8 {[%clk 0:58:47]} 22. g4 {[%clk 1:07:17]} Bg6
{[%clk 0:58:56]} 23. Bg3 {[%clk 1:03:50]} Qa5 {[%clk 0:57:00]} 24. h4
{[%clk 0:41:05]} Qxc3 {[%clk 0:53:05]} 25. hxg5 {[%clk 0:38:58]} hxg5
{[%clk 0:52:51]} 26. Rc1 {[%clk 0:31:02]} Qd3 {[%clk 0:51:05]} 27. Rxc6
{[%clk 0:27:37]} Qxe2 {[%clk 0:47:24]} 28. Rxe2 {[%clk 0:28:00]} Kg7
{[%clk 0:34:04]} 29. Rc7 {[%clk 0:26:36]} Red8 {[%clk 0:31:58]} 30. Re3
{[%clk 0:24:25]} Nb6 {[%clk 0:29:00]} 31. Rb7 {[%clk 0:19:48]} Nd5
{[%clk 0:28:42]} 32. Rxe6 {[%clk 0:18:47]} Nf4 {[%clk 0:27:59]} 33. Bxf4
{[%clk 0:18:03]} gxf4 {[%clk 0:28:29]} 34. d5 {[%clk 0:16:24]} Bd3
{[%clk 0:24:26]} 35. g5 {[%clk 0:16:23]} Bc3 {[%clk 0:22:46]} 36. Ree7
{[%clk 0:16:18]} Bg6 {[%clk 0:22:00]} 37. Rxb5 {[%clk 0:16:16]} Rh8
{[%clk 0:20:49]} 38. Rc7 {[%clk 0:13:06]} Ba1 {[%clk 0:20:07]} 39. Rb4
{[%clk 0:12:52]} Rh3 {[%clk 0:18:17]} 40. Rxf4 {[%clk 0:12:48]} Rah8
{[%clk 0:18:01]} 41. d6 {[%clk 0:10:46]} Rh1+ {[%clk 0:17:19]} 42. Kg2
{[%clk 0:08:48]} R8h3 {[%clk 0:17:00]} 43. d7 {[%clk 0:08:10]} Be5
{[%clk 0:04:27]} 44. Nxe5 {[%clk 0:07:14]} Bh5 {[%clk 0:04:57]} 45. Nf3
{[%clk 0:06:54]} Bxf3+ {[%clk 0:03:27]} 46. Rxf3 {[%clk 0:05:59]} R1h2+
{[%clk 0:03:53]} 47. Kf1 {[%clk 0:05:23]} Rxf3 {[%clk 0:03:56]} 48. d8=Q
{[%clk 0:04:22]} Rhxf2+ {[%clk 0:27:35]} 49. Ke1 {[%clk 0:33:20]} Rf1+
{[%clk 0:25:46]} 50. Kd2 {[%clk 0:32:59]} 1-0

[Event "68. Unterfränkische Einzelmeisterschaft 2017"]
[Site "Sailauf in Ufr."]
[Date "2017.04.20"]
[Round "6.3"]
[White "Grod, Andreas"]
[Black "Hofstetter, Hans-Joachim"]
[Result "0-1"]
[BlackElo "2243"]
[WhiteElo "2005"]
[LiveChessVersion "1.4.8"]

1. e4 e6 2. d4 d5 3. e5 c5 4. c3 Qb6 5. Nf3 Nc6 6. Bd3 Bd7 7. Bc2 Rc8 8. O-O cxd4
9. cxd4 Nb4 10. Nc3 Nxc2 11. Qxc2 Nh6 12. Bg5 Nf5 13. Rfd1 h6 14. Bf4 g5 15. Be3
Bg7 16. Rac1 O-O 17. h3 Rc7 18. Qb1 {[%clk 0:46:49]} Rfc8 {[%clk 1:00:37]} 19.
Ne2 {[%clk 0:32:12]} Nxe3 {[%clk 0:46:15]} 20. fxe3 {[%clk 0:32:21]} Rc6
{[%clk 0:43:34]} 21. Ng3 {[%clk 0:30:12]} Qc7 {[%clk 0:41:21]} 22. Rxc6
{[%clk 0:29:27]} Qxc6 {[%clk 0:41:48]} 23. Nh5 {[%clk 0:29:20]} Qc2
{[%clk 0:41:01]} 24. Qxc2 {[%clk 0:29:33]} Rxc2 {[%clk 0:41:24]} 25. Rd2
{[%clk 0:29:58]} Rc1+ {[%clk 0:40:34]} 26. Kf2 {[%clk 0:30:07]} Bb5
{[%clk 0:39:25]} 27. Nxg7 {[%clk 0:28:49]} Rf1+ {[%clk 0:39:02]} 28. Kg3
{[%clk 0:29:03]} Kxg7 {[%clk 0:38:33]} 29. Rc2 {[%clk 0:26:09]} Ra1
{[%clk 0:34:54]} 30. a3 {[%clk 0:25:59]} Rb1 {[%clk 0:32:39]} 31. h4
{[%clk 0:20:33]} gxh4+ {[%clk 0:29:30]} 32. Kxh4 {[%clk 0:19:26]} Kg6
{[%clk 0:23:42]} 33. Rf2 {[%clk 0:09:23]} Bd3 {[%clk 0:20:16]} 34. Kg4
{[%clk 0:07:10]} Be4 {[%clk 0:17:24]} 35. Nh4+ {[%clk 0:05:33]} Kg7
{[%clk 0:17:40]} 36. Kf4 {[%clk 0:05:35]} Rh1 {[%clk 0:15:31]} 37. Nf3
{[%clk 0:05:32]} Kf8 {[%clk 0:12:36]} 38. g4 {[%clk 0:01:53]} Ke7
{[%clk 0:12:18]} 39. Nd2 {[%clk 0:01:10]} Bg6 {[%clk 0:11:47]} 40. e4
{[%clk 0:00:37]} dxe4 {[%clk 0:04:09]} 41. Nxe4 {[%clk 0:30:53]} Re1
{[%clk 0:31:10]} 42. Nc3 {[%clk 0:28:11]} Kf8 {[%clk 0:26:18]} 43. Re2
{[%clk 0:24:16]} Rf1+ {[%clk 0:25:18]} 44. Kg3 {[%clk 0:24:27]} Kg7
{[%clk 0:22:33]} 45. d5 {[%clk 0:19:31]} exd5 {[%clk 0:20:57]} 46. Nxd5
{[%clk 0:19:50]} Rg1+ {[%clk 0:20:31]} 47. Kf4 {[%clk 0:19:48]} Rd1
{[%clk 0:20:03]} 48. Nc3 {[%clk 0:20:06]} Rd4+ {[%clk 0:19:55]} 49. Kg3
{[%clk 0:20:19]} h5 {[%clk 0:19:03]} 50. gxh5 {[%clk 0:16:34]} Bxh5
{[%clk 0:19:24]} 51. Re3 {[%clk 0:15:38]} Rd2 {[%clk 0:19:08]} 52. b4
{[%clk 0:15:27]} Bg6 {[%clk 0:17:35]} 53. Kf4 {[%clk 0:15:17]} Rd4+
{[%clk 0:17:16]} 54. Kf3 {[%clk 0:14:22]} a6 {[%clk 0:16:25]} 55. Ne4
{[%clk 0:13:09]} b6 {[%clk 0:14:00]} 56. Nd6 {[%clk 0:12:19]} Kh6
{[%clk 0:10:38]} 57. Nc8 {[%clk 0:10:33]} b5 {[%clk 0:09:58]} 58. Ne7
{[%clk 0:10:07]} Bh5+ {[%clk 0:09:48]} 59. Kf2 {[%clk 0:09:07]} Bg4
{[%clk 0:07:52]} 60. Nc6 {[%clk 0:08:21]} Rd2+ {[%clk 0:07:45]} 61. Kg3
{[%clk 0:08:23]} Kg5 {[%clk 0:07:48]} 62. Nb8 {[%clk 0:08:18]} Bc8
{[%clk 0:07:51]} 63. Nc6 {[%clk 0:08:24]} Bb7 {[%clk 0:07:51]} 64. Ne7
{[%clk 0:04:28]} Rg2+ {[%clk 0:07:10]} 65. Kh3 {[%clk 0:04:51]} Kf4
{[%clk 0:06:25]} 66. Rc3 {[%clk 0:04:25]} Rg5 {[%clk 0:06:20]} 67. Kh4
{[%clk 0:03:33]} Rxe5 {[%clk 0:05:31]} 68. Ng8 {[%clk 0:02:04]} Bf3
{[%clk 0:02:40]} 0-1

[Event "68. Unterfränkische Einzelmeisterschaft 2017"]
[Site "Sailauf in Ufr."]
[Date "2017.04.20"]
[Round "6.4"]
[White "Basel, Matthias"]
[Black "Gould, Charles"]
[Result "1/2-1/2"]
[BlackElo "2006"]
[WhiteElo "2090"]
[LiveChessVersion "1.4.8"]

1. d4 {[%clk 1:30:54]} d6 {[%clk 1:30:14]} 2. Nf3 {[%clk 1:31:13]} g6
{[%clk 1:28:58]} 3. c4 {[%clk 1:31:35]} Nf6 {[%clk 1:29:02]} 4. Nc3
{[%clk 1:31:56]} Bg7 {[%clk 1:29:07]} 5. e4 {[%clk 1:32:15]} c5 {[%clk 1:28:19]}
6. Be2 {[%clk 1:32:17]} O-O {[%clk 1:26:19]} 7. O-O {[%clk 1:32:42]} cxd4
{[%clk 1:26:42]} 8. Nxd4 {[%clk 1:33:05]} Nc6 {[%clk 1:26:41]} 9. Be3
{[%clk 1:30:49]} Bd7 {[%clk 1:22:25]} 10. f3 {[%clk 1:21:59]} Qb6
{[%clk 1:18:43]} 11. Na4 {[%clk 1:12:44]} Qa5 {[%clk 1:16:01]} 12. b3
{[%clk 1:13:03]} Nxd4 {[%clk 1:15:13]} 13. Bxd4 {[%clk 1:13:27]} Bxa4
{[%clk 1:15:08]} 14. bxa4 {[%clk 1:13:52]} Nd7 {[%clk 1:12:01]} 15. Bxg7
{[%clk 1:11:51]} Kxg7 {[%clk 1:12:29]} 16. Rb1 {[%clk 1:09:29]} b6
{[%clk 1:08:25]} 17. Rb5 {[%clk 0:59:40]} Qc3 {[%clk 1:07:36]} 18. Rb3
{[%clk 0:52:27]} Qa5 {[%clk 1:02:06]} 19. Rb5 {[%clk 0:48:56]} Qc3
{[%clk 1:02:11]} 20. Rb3 {[%clk 0:47:20]} Qa5 {[%clk 0:53:15]} 21. Rb5 1/2-1/2

[Event "68. Unterfränkische Einzelmeisterschaft 2017"]
[Site "Sailauf in Ufr."]
[Date "2017.04.20"]
[Round "6.5"]
[White "Link, Klaus"]
[Black "Helgert, Johannes"]
[Result "1/2-1/2"]
[BlackElo "2036"]
[WhiteElo "1957"]
[LiveChessVersion "1.4.8"]

1. e4 {[%clk 1:30:58]} e6 {[%clk 1:30:59]} 2. d4 {[%clk 1:31:17]} d5
{[%clk 1:31:26]} 3. exd5 {[%clk 1:31:41]} exd5 {[%clk 1:31:53]} 4. Bd3
{[%clk 1:32:05]} Bd6 {[%clk 1:31:40]} 5. Nf3 {[%clk 1:32:28]} Nc6
{[%clk 1:31:57]} 6. c3 {[%clk 1:32:54]} Nge7 {[%clk 1:32:13]} 7. O-O
{[%clk 1:33:18]} Bg4 {[%clk 1:31:47]} 8. Re1 {[%clk 1:33:25]} Qd7
{[%clk 1:31:26]} 9. Nbd2 {[%clk 1:33:49]} Bf5 {[%clk 1:14:41]} 10. Nf1
{[%clk 1:31:47]} f6 {[%clk 1:05:22]} 11. b4 {[%clk 1:28:23]} O-O {[%clk 1:03:00]}
12. Ne3 {[%clk 1:19:22]} Bxd3 {[%clk 0:56:45]} 13. Qxd3 {[%clk 1:18:46]} Nd8
{[%clk 0:56:47]} 14. Bd2 {[%clk 1:16:43]} c6 {[%clk 0:53:41]} 15. g3
{[%clk 1:14:48]} Nf7 {[%clk 0:52:16]} 16. Ng2 {[%clk 1:10:31]} Rfe8
{[%clk 0:48:49]} 17. h4 {[%clk 1:04:57]} Bc7 {[%clk 0:43:12]} 18. Bf4
{[%clk 1:04:33]} Bxf4 {[%clk 0:41:45]} 19. Nxf4 {[%clk 1:03:01]} Nf5
{[%clk 0:41:04]} 20. Ng2 {[%clk 0:56:06]} 1/2-1/2

[Event "68. Unterfränkische Einzelmeisterschaft 2017"]
[Site "Sailauf in Ufr."]
[Date "2017.04.20"]
[Round "6.6"]
[White "Vogt, Thomas"]
[Black "Link, Robert"]
[Result "0-1"]
[BlackElo "1867"]
[WhiteElo "2025"]
[LiveChessVersion "1.4.8"]

1. d4 {[%clk 1:30:44]} Nf6 {[%clk 1:30:35]} 2. Nf3 {[%clk 1:30:58]} e6
{[%clk 1:30:30]} 3. e3 {[%clk 1:30:34]} b6 {[%clk 1:30:10]} 4. Bd3
{[%clk 1:27:14]} Bb7 {[%clk 1:30:00]} 5. O-O {[%clk 1:25:23]} d5 {[%clk 1:28:12]}
6. b3 {[%clk 1:23:43]} Nbd7 {[%clk 1:27:16]} 7. Bb2 {[%clk 1:22:47]} Be7
{[%clk 1:25:09]} 8. Nbd2 {[%clk 1:22:16]} O-O {[%clk 1:21:56]} 9. c4
{[%clk 1:10:54]} c5 {[%clk 1:17:27]} 10. Qe2 {[%clk 1:04:33]} a6 {[%clk 1:15:48]}
11. Rfd1 {[%clk 1:03:06]} Ne4 {[%clk 1:12:29]} 12. Ne5 {[%clk 0:58:09]} Nxe5
{[%clk 0:53:12]} 13. dxe5 {[%clk 0:55:33]} Qc7 {[%clk 0:47:07]} 14. Rac1
{[%clk 0:49:39]} Rfd8 {[%clk 0:38:31]} 15. cxd5 {[%clk 0:42:36]} exd5
{[%clk 0:35:26]} 16. Qg4 {[%clk 0:37:43]} Nxd2 {[%clk 0:30:51]} 17. e6
{[%clk 0:35:06]} f6 {[%clk 0:23:04]} 18. Qh5 {[%clk 0:24:47]} Ne4
{[%clk 0:22:33]} 19. Bxe4 {[%clk 0:22:51]} dxe4 {[%clk 0:22:00]} 20. Qf7+
{[%clk 0:22:44]} Kh8 {[%clk 0:22:09]} 21. Bxf6 {[%clk 0:21:46]} gxf6
{[%clk 0:21:35]} 22. h4 {[%clk 0:14:09]} Rxd1+ {[%clk 0:20:03]} 23. Rxd1
{[%clk 0:14:32]} Rd8 {[%clk 0:20:07]} 24. Rd7 {[%clk 0:13:39]} Rxd7
{[%clk 0:18:39]} 25. Qe8+ {[%clk 0:09:14]} Kg7 {[%clk 0:18:09]} 26. Qf7+
{[%clk 0:08:23]} Kh6 {[%clk 0:17:48]} 27. g4 {[%clk 0:07:42]} Rd5
{[%clk 0:16:37]} 0-1

[Event "68. Unterfränkische Einzelmeisterschaft 2017"]
[Site "Sailauf in Ufr."]
[Date "2017.04.20"]
[Round "6.7"]
[White "Hamlack, Heinz"]
[Black "Oster, Klaus"]
[Result "1/2-1/2"]
[BlackElo "1903"]
[WhiteElo "2003"]
[LiveChessVersion "1.4.8"]

1. Nf3 {[%clk 1:31:00]} c6 {[%clk 1:30:54]} 2. d4 {[%clk 1:29:22]} d5
{[%clk 1:31:05]} 3. e3 {[%clk 1:29:10]} Bf5 {[%clk 1:30:18]} 4. Be2
{[%clk 1:28:51]} Nf6 {[%clk 1:29:40]} 5. O-O {[%clk 1:29:04]} e6 {[%clk 1:29:17]}
6. c4 {[%clk 1:28:03]} Be7 {[%clk 1:27:22]} 7. Nbd2 {[%clk 1:27:46]} Nbd7
{[%clk 1:26:16]} 8. b3 {[%clk 1:25:06]} O-O {[%clk 1:24:53]} 9. Nh4
{[%clk 1:25:11]} Bg6 {[%clk 1:21:57]} 10. Nxg6 {[%clk 1:25:36]} hxg6
{[%clk 1:22:13]} 11. Bb2 {[%clk 1:25:29]} b6 {[%clk 1:17:30]} 12. cxd5
{[%clk 1:17:09]} cxd5 {[%clk 1:13:16]} 13. Rc1 {[%clk 1:12:58]} Rc8
{[%clk 1:08:26]} 14. Ba6 {[%clk 1:12:14]} Rxc1 {[%clk 1:05:45]} 15. Qxc1
{[%clk 1:12:34]} Nb8 {[%clk 1:05:48]} 16. Bb5 {[%clk 1:11:17]} a6
{[%clk 1:05:02]} 17. Bd3 {[%clk 1:10:15]} b5 {[%clk 1:02:17]} 18. Qc2
{[%clk 1:06:43]} Qb6 {[%clk 0:56:57]} 19. Rc1 {[%clk 1:06:33]} Bd6
{[%clk 0:55:17]} 20. e4 {[%clk 1:06:26]} dxe4 {[%clk 0:54:11]} 21. Nxe4
{[%clk 1:06:40]} Nxe4 {[%clk 0:50:26]} 22. Bxe4 {[%clk 1:07:07]} Bf4
{[%clk 0:50:41]} 23. Rd1 {[%clk 1:06:23]} Qc7 {[%clk 0:47:52]} 24. Qxc7
{[%clk 1:04:14]} Bxc7 {[%clk 0:48:08]} 25. g3 {[%clk 1:02:44]} Rd8
{[%clk 0:43:34]} 26. Bf3 {[%clk 1:02:03]} Bb6 {[%clk 0:40:51]} 27. d5
{[%clk 1:01:54]} exd5 {[%clk 0:38:15]} 28. Rxd5 {[%clk 1:01:21]} Rxd5
{[%clk 0:35:21]} 29. Bxd5 {[%clk 1:01:43]} b4 {[%clk 0:35:34]} 30. Bc4
{[%clk 1:00:47]} a5 {[%clk 0:34:49]} 31. Bb5 {[%clk 1:00:23]} f6 {[%clk 0:35:07]}
32. Bc1 {[%clk 0:59:39]} g5 {[%clk 0:35:21]} 33. Kg2 {[%clk 1:00:02]} Bc7
{[%clk 0:35:15]} 34. Be3 {[%clk 0:59:56]} Kf7 {[%clk 0:32:03]} 35. Kf3
{[%clk 0:59:39]} Ke6 {[%clk 0:28:58]} 36. Kg4 {[%clk 0:58:34]} g6
{[%clk 0:24:34]} 37. Bc4+ {[%clk 0:53:48]} Ke7 {[%clk 0:22:59]} 38. Bc5+
{[%clk 0:50:12]} Bd6 {[%clk 0:16:18]} 39. Bb6 {[%clk 0:46:57]} Nc6
{[%clk 0:14:38]} 40. f4 {[%clk 0:45:44]} gxf4 {[%clk 0:13:20]} 41. gxf4
{[%clk 0:46:07]} Kd7 {[%clk 0:09:16]} 42. h4 {[%clk 0:44:47]} Be7
{[%clk 0:00:54]} 43. Bb5 {[%clk 0:41:18]} f5+ {[%clk 0:00:38]} 44. Kf3
{[%clk 0:39:11]} Kd6 {[%clk 0:30:35]} 45. Bf2 {[%clk 1:07:47]} Bxh4
{[%clk 0:30:51]} 46. Bxc6 {[%clk 1:05:02]} Bxf2 {[%clk 0:30:54]} 47. Be8
{[%clk 1:05:31]} Bd4 {[%clk 0:30:58]} 48. Ke4 Ke5+ 1/2-1/2